福建省小测验-Fujian Province Quiz - Statistics

General Stats
  • This quiz has been taken 42 times
  • The average score is 16 of 21
Answer Stats
提示 答案 % Correct
省会城市 福州市
100%
相邻的省级行政区 浙江省
100%
相邻的省级行政区 江西省
100%
相邻的省级行政区 广东省
100%
主要的方言大类 闽语
100%
面积最大的地级市 南平市
100%
这个县全域目前由台湾地区实控 金门县
94%
这里是海上丝绸之路的起点之一 泉州
94%
拥有的“985”大学 厦门大学
91%
最长的河流 闽江
89%
主要的方言大类 客家话
86%
“福建”是上一题的地名与这个地名的合称 建瓯/建州
83%
吞吐量最大的机场(2024) 厦门高崎国际机场
83%
世界文化与自然双重遗产 武夷山
77%
最大的岛屿 海坛岛
63%
这位南宋哲学家、思想家出生于福建尤溪 朱熹
60%
近代,多国在这里设立领事馆 鼓浪屿
54%
福建南平市内存在这个方言大类的方言岛 官话
51%
这位“抗清名将”出生于福建南安 郑成功
51%
女神“妈祖”的本名是 林默
43%
这个县被称为“世界客家首府” 长汀县
20%
No matching quizzes found
Score Distribution
Percent of People with Each Score
Percentile by Number Answered
Your Score History
You have not taken this quiz